000 00965nam a2200241 a 4500
001 40279
003 BD-RjUL
005 20211209053201.0
008 160427s1964 ii ||||| |||| 00| 0 ben d
020 _c: IRs 6.50
035 _a(BD-RjUL)40394
040 _aBD-RjUL
_bben
_cBD-RjUL
041 _aben
082 _223
_a891.441
_bSER 1964
100 _aসেন, নবীনচন্দ্র
_9123310
245 1 0 _aরৈবতক কাব্য /
_cনবীনচন্দ্র সেন ; সম্পাদক সজনীকান্ত দাস
260 _aকলিকাতা :
_bবঙ্গীয়-সাহিত্য-পরিষদ,
_c১৯৬৪ [১৩৭১]
300 _a[২২], ২৬৮ পৃ. ;
_c২৩ সেমি.
650 _aবাংলা কবিতা
_9124108
650 _aBengali Poetry
_9124109
700 _aদাস, সজনীকান্ত, সম্পাদক
_9124110
942 _2ddc
_cBK
999 _c40279
_d40279